Score 0/10 Timer 01:00
0 Plays Today
% Correct
The Dark Knight
91.3%
Batman Begins
90%
The Dark Knight Rises
89.8%
Inception
88.8%
Dunkirk
86.8%
Interstellar
77.8%
The Prestige
77.1%
Memento
76.4%
Insomnia
59.5%
Following
40.3%

Today's Daily Dose

Missing Word
Boxers

Quick Pick
Rise or Fall?

Get the Picture
A ‘B’ in Disney

You're not logged in!

Compare scores with friends on all Sporcle quizzes.
OR
Log In

Sporcle TV

Today on Sporcle TV


Watch our educational content, quiz creation guides, and fun videos on Sporcle TV.

Show Comments

Extras

Top Quizzes Today


Score Distribution

Paid Content

Your Account Isn't Verified!

In order to create a playlist on Sporcle, you need to verify the email address you used during registration. Go to your Sporcle Settings to finish the process.

Report this User

Report this user for behavior that violates our Community Guidelines.

Details: